Movement for Innovation (Record no. 119715)

MARC details
000 -LEADER
fixed length control field 00784cam a2200193 4500
001 - CONTROL NUMBER
control field WS109134
008 - FIXED-LENGTH DATA ELEMENTS--GENERAL INFORMATION
fixed length control field 000000n 000 0 eng u
035 ## - SYSTEM CONTROL NUMBER
System control number (Sirsi) u109134
245 ## - TITLE STATEMENT
Title Movement for Innovation
520 ## - SUMMARY, ETC.
Summary, etc. Web site for this organisation which aims to bring about the cultural changes in the construction industry suggested by 'Rethinking construction'. Includes a glossary of terms, details of demonstration projects and case studies and details of publications.
650 ## - SUBJECT ADDED ENTRY--TOPICAL TERM
Topical term or geographic name entry element EGAN REFORMS
650 ## - SUBJECT ADDED ENTRY--TOPICAL TERM
Topical term or geographic name entry element CONSTRUCTION TASK FORCE
650 ## - SUBJECT ADDED ENTRY--TOPICAL TERM
Topical term or geographic name entry element DEMONSTRATION PROJECTS
650 ## - SUBJECT ADDED ENTRY--TOPICAL TERM
Topical term or geographic name entry element CASE STUDIES
650 ## - SUBJECT ADDED ENTRY--TOPICAL TERM
Topical term or geographic name entry element BEST PRACTICE
690 ## - LOCAL SUBJECT ADDED ENTRY--TOPICAL TERM (OCLC, RLIN)
Topical term or geographic name as entry element BUILT ENVIRONMENT
856 40 - ELECTRONIC LOCATION AND ACCESS
Uniform Resource Identifier <a href="https://www.m4i.org.uk">https://www.m4i.org.uk</a>
Public note View the website free of charge at www.m4i.org.uk...
942 ## - ADDED ENTRY ELEMENTS (KOHA)
Suppress in OPAC 0
Holdings
Withdrawn status Lost status Source of classification or shelving scheme Damaged status Not for loan Home library Current library Shelving location Date acquired Total Checkouts Full call number Barcode Date last seen Copy number Price effective from Koha item type
    Dewey Decimal Classification     Virtual Virtual Online 02/11/2000   WEB SITE 109134-2001 06/08/2019 1 06/08/2019 Online material